[Event "Qatar Masters op"]
[Site "Doha"]
[Date "2023.10.12"]
[Round "2"]
[White "Assaubayeva, Bibissara"]
[Black "Begmuratov, Khumoyun"]
[Result "1-0"]
[WhiteElo "2469"]
[BlackElo "2374"]
[PlyCount "97"]
[EventDate "2023.10.11"]
[EventType "swiss"]
[EventRounds "9"]
[EventCountry "QAT"]
[SourceTitle "Mega2024 Update 01"]
[Source "Chessbase"]
[SourceDate "2023.11.12"]
[SourceVersion "1"]
[SourceVersionDate "2023.11.12"]
[SourceQuality "1"]

1. d4 Nf6 2. c4 e6 3. Nf3 d5 4. Nc3 c6 5. g3 Be7 6. Qd3 0-0 7. Bg2 b6 8. 0-0 Bb7 9. Rd1 Nbd7 10. e4 dxe4 11. Nxe4 Qc8 12. Nc3 Rd8 13. Qe2 Nf8 14. Ne5 Ng6 15. Nxg6 hxg6 16. d5 Bb4 17. dxe6 Rxd1+ 18. Nxd1 Qxe6 19. Qxe6 fxe6 20. a3 Rd8 21. Bf4 Be7 22. Nc3 Ba6 23. Bxc6 Bxc4 24. Re1 Kf7 25. h4 Nd5 26. Bxd5 exd5 27. Rxe7+ Kxe7 28. Bg5+ Kd7 29. Bxd8 d4 30. Bg5 dxc3 31. bxc3 Kc6 32. Be7 Kb5 33. f3 Bd5 34. Kf2 Kc4 35. Bf8 Kxc3 36. Ke3 Kb3 37. Kf4 b5 38. Kg5 Bf7 39. g4 a5 40. f4 Be6 41. h5 gxh5 42. gxh5 Kc4 43. f5 Bf7 44. Bxg7 Kd5 45. h6 Bg8 46. Kg6 b4 47. axb4 axb4 48. Ba1 b3 49. Kg7 1-0

[Event "Asian Games tt (Women)"]
[Site "Hangzhou"]
[Date "2023.10.05"]
[Round "7.5"]
[White "Assaubayeva, Bibissara"]
[Black "Koneru, Humpy"]
[Result "1/2-1/2"]
[WhiteElo "2469"]
[BlackElo "2550"]
[PlyCount "48"]
[EventDate "2023.09.29"]
[EventType "team-tourn"]
[EventRounds "9"]
[EventCountry "CHN"]
[SourceTitle "EXT 2024"]
[Source "ChessBase"]
[SourceDate "2023.10.10"]
[SourceVersion "1"]
[SourceVersionDate "2023.10.10"]
[SourceQuality "1"]
[WhiteTeam "Kazakhstan (W)"]
[BlackTeam "India (W)"]
[WhiteTeamCountry "KAZ"]
[BlackTeamCountry "IND"]

1. d4 d5 2. c4 e6 3. Nf3 Nf6 4. Nc3 Nbd7 5. Qc2 dxc4 6. e4 c5 7. dxc5 Bxc5 8. Bxc4 Qc7 9. Qe2 a6 10. a4 0-0 11. 0-0 Ng4 12. h3 Nge5 13. Nxe5 Nxe5 14. Ba2 Nc6 15. Be3 b6 16. Rac1 Bb7 17. Rfd1 Rfd8 18. Rxd8+ Rxd8 19. Bc4 a5 20. Kh1 Nd4 21. Qg4 Nc6 22. Qe2 Nd4 23. Qg4 Nc6 24. Qe2 Nd4 1/2-1/2